Systémy manažérstva ako konkurenčná výhoda - v automobilovom priemysle diplomová práca

Salvato in:
Dettagli Bibliografici
Autore principale: Kuchta, Pavol
Ente Autore: Obchodná fakulta EU. Katedra tovaroznalectva a kvality tovaru
Altri autori: Karkalíková, Marta
Natura: Libro
Lingua:slovacco
Pubblicazione: Bratislava 2017
Tags: Aggiungi Tag
Nessun Tag, puoi essere il primo ad aggiungerne!!

MARC

LEADER 00000nbm a2200000 4500
001 0230849
005 20240916092937.9
041 0 |a slo 
044 |a SK 
245 1 0 |a Systémy manažérstva ako konkurenčná výhoda - v automobilovom priemysle  |b diplomová práca  |c Pavol Kuchta ; školiteľ: Marta Karkalíková 
264 1 |a Bratislava  |c 2017 
300 |a 2 s. 
100 1 |a Kuchta, Pavol 
700 1 |a Karkalíková, Marta 
710 2 |a Obchodná fakulta EU. Katedra tovaroznalectva a kvality tovaru